Spieler mit mind. 15 Toren in einer Bundesliga-Saison (seit 2000) - Statistiken

Allgemein
  • Dieses Quiz wurde 1.179 mal gespielt
    483 seit der letzten Aktualisierung
  • Das Durchschnittsergebnis liegt bei 98 aus 156
Antwortstatistiken
Saison Tore Verein Spieler % Korrekt
11/12 22 Dortmund Robert Lewandowski
98%
12/13 24 Dortmund Robert Lewandowski
98%
13/14 20 Dortmund Robert Lewandowski
98%
14/15 17 Bayern Robert Lewandowski
98%
15/16 30 Bayern Robert Lewandowski
98%
16/17 30 Bayern Robert Lewandowski
98%
17/18 29 Bayern Robert Lewandowski
98%
18/19 22 Bayern Robert Lewandowski
98%
19/20 34 Bayern Robert Lewandowski
98%
20/21 41 Bayern Robert Lewandowski
98%
21/22 35 Bayern Robert Lewandowski
98%
23/24 36 Bayern Harry Kane
95%
24/25 26 Bayern Harry Kane
95%
15/16 20 Bayern Thomas Müller
88%
07/08 19 Stuttgart Mario Gomez
87%
08/09 24 Stuttgart Mario Gomez
87%
10/11 28 Bayern Mario Gomez
87%
11/12 26 Bayern Mario Gomez
87%
16/17 16 Wolfsburg Mario Gomez
87%
21/22 24 Leverkusen Patrik Schick
87%
24/25 21 Leverkusen Patrik Schick
87%
23/24 28 Stuttgart Serhou Guirassy
87%
24/25 21 Dortmund Serhou Guirassy
87%
16/17 15 Hoffenheim Andrej Kramaric
86%
18/19 17 Hoffenheim Andrej Kramaric
86%
20/21 20 Hoffenheim Andrej Kramaric
86%
23/24 15 Hoffenheim Andrej Kramaric
86%
16/17 21 Leipzig Timo Werner
86%
18/19 16 Leipzig Timo Werner
86%
19/20 28 Leipzig Timo Werner
86%
14/15 16 Dortmund Aubameyang
85%
15/16 25 Dortmund Aubameyang
85%
16/17 31 Dortmund Aubameyang
85%
09/10 21 Leverkusen Stefan Kießling
85%
11/12 16 Leverkusen Stefan Kießling
85%
12/13 25 Leverkusen Stefan Kießling
85%
13/14 15 Leverkusen Stefan Kießling
85%
09/10 16 Bayern Arjen Robben
83%
14/15 17 Bayern Arjen Robben
83%
11/12 18 Gladbach Marco Reus
83%
13/14 16 Dortmund Marco Reus
83%
18/19 17 Dortmund Marco Reus
83%
23/24 18 Stuttgart Deniz Undav
82%
08/09 26 Wolfsburg Edin Dzeko
80%
09/10 22 Wolfsburg Edin Dzeko
80%
22/23 16 Bremen Niclas Füllkrug
80%
12/13 16 Frankfurt Alex Meier
79%
14/15 19 Frankfurt Alex Meier
79%
20/21 27 Dortmund Erling Haaland
79%
21/22 22 Dortmund Erling Haaland
79%
01/02 16 Lautern Miro Klose
79%
04/05 15 Bremen Miro Klose
79%
08/09 28 Wolfsburg Grafite
78%
11/12 29 Schalke Klaas Jan Huntelaar
77%
24/25 16 Gladbach Tim Kleindienst
77%
24/25 15 Frankfurt Omar Marmoush
76%
11/12 18 Köln Lukas Podolski
75%
15/16 15 Köln Anthony Modeste
74%
16/17 25 Köln Anthony Modeste
74%
21/22 20 Köln Anthony Modeste
74%
23/24 15 Augsburg Ermedin Demirovic
74%
24/25 15 Stuttgart Ermedin Demirovic
74%
21/22 20 Leipzig Christopher Nkunku
71%
22/23 16 Leipzig Christopher Nkunku
71%
18/19 17 Frankfurt Luka Jovic
71%
01/02 16 Bremen Ailton
70%
02/03 16 Bremen Ailton
70%
03/04 28 Bremen Ailton
70%
24/25 15 Frankfurt Hugo Ekitike
70%
24/25 18 Mainz Jonathan Burkardt
68%
23/24 24 Leipzig Lois Openda
67%
11/12 15 Schalke Raul
67%
18/19 18 Dortmund Paco Alcacer
66%
00/01 15 Bayern Gio Elber
65%
01/02 17 Bayern Gio Elber
65%
02/03 21 Bayern Gio Elber
65%
07/08 24 Bayern Luca Toni
65%
12/13 15 Bayern Mario Mandzukic
65%
13/14 18 Bayern Mario Mandzukic
65%
17/18 15 Freiburg Nils Petersen
64%
22/23 15 Frankfurt Randal Kolo Muani
61%
22/23 15 Freiburg Vincenzo Grifo
61%
18/19 15 Frankfurt Sebastian Haller
60%
00/01 19 Bremen Claudio Pizarro
59%
01/02 15 Bayern Claudio Pizarro
59%
02/03 15 Bayern Claudio Pizarro
59%
08/09 17 Bremen Claudio Pizarro
59%
09/10 16 Bremen Claudio Pizarro
59%
11/12 18 Bremen Claudio Pizarro
59%
04/05 24 Nürnberg Marek Mintal
58%
05/06 25 Nürnberg Marek Mintal
58%
08/09 18 Hoffenheim Vedad Ibisevic
58%
12/13 15 Stuttgart Vedad Ibisevic
58%
20/21 28 Frankfurt Andre Silva
57%
00/01 22 Schalke Ebbe Sand
57%
06/07 20 Bochum Theofanis Gekas
57%
10/11 16 Frankfurt Theofanis Gekas
57%
10/11 15 Mainz Andre Schürrle
56%
09/10 19 Dortmund Lucas Barrios
56%
10/11 16 Dortmund Lucas Barrios
56%
03/04 23 Bayern Roy Makaay
56%
04/05 22 Bayern Roy Makaay
56%
05/06 17 Bayern Roy Makaay
56%
06/07 16 Bayern Roy Makaay
56%
19/20 17 Dortmund Jadon Sancho
55%
18/19 17 Wolfsburg Wout Weghorst
54%
19/20 16 Wolfsburg Wout Weghorst
54%
20/21 20 Wolfsburg Wout Weghorst
54%
01/02 17 Leverkusen Michael Ballack
53%
18/19 15 Leipzig Yussuf Poulsen
50%
99/00 17 Leverkusen Ulf Kirsten
49%
99/00 19 1860 Martin Max
48%
01/02 18 1860 Martin Max
48%
03/04 20 Rostock Martin Max
48%
18/19 17 Leverkusen Kai Havertz
47%
02/03 15 Stuttgart Kevin Kuranyi
47%
06/07 15 Schalke Kevin Kuranyi
47%
07/08 15 Schalke Kevin Kuranyi
47%
09/10 18 Schalke Kevin Kuranyi
47%
14/15 16 Wolfsburg Bas Dost
45%
03/04 16 Dortmund Jan Koller
45%
04/05 15 Dortmund Jan Koller
45%
01/02 18 Dortmund Marcio Amoroso
45%
16/17 15 Bremen Max Kruse
44%
19/20 15 Düsseldorf Rouwen Hennings
43%
08/09 16 Köln Milivoje Novakovic
42%
10/11 17 Köln Milivoje Novakovic
42%
04/05 18 Hertha Marcelinho
40%
23/24 16 Hoffenheim Maxi Beier
40%
10/11 22 Freiburg Papiss Cisse
40%
05/06 15 Bremen Ivan Klasnic
39%
00/01 22 Hamburg Sergej Barbarez
39%
03/04 16 Leverkusen Dimitar Berbatov
37%
04/05 20 Leverkusen Dimitar Berbatov
37%
05/06 21 Leverkusen Dimitar Berbatov
37%
13/14 16 Hoffenheim Roberto Firmino
37%
10/11 16 Lautern Srdjan Lakic
35%
00/01 16 Hertha Michael Preetz
34%
00/01 15 Leverkusen Oliver Neuville
33%
08/09 21 Leverkusen Patrick Helmes
33%
21/22 15 Union Taiwo Awoniyi
33%
06/07 16 Dortmund Alex Frei
31%
20/21 16 Stuttgart Sasa Kalajdzic
30%
15/16 17 Leverkusen Chicharito
29%
13/14 16 Hertha Adrian Ramos
28%
11/12 17 Stuttgart Martin Harnik
28%
02/03 21 Bochum Thomas Christiansen
27%
03/04 16 Dortmund Ewerthon
25%
13/14 17 Nürnberg Josip Drmic
24%
03/04 16 Bochum Vahid Hashemian
19%
05/06 20 Lautern Halil Altintop
17%
13/14 15 Mainz Shinji Okazaki
17%
04/05 15 Leverkusen Andrej Voronin
16%
05/06 16 Nürnberg Robert Vittek
15%
18/19 16 Hoffenheim Ishak Belfodil
13%
04/05 15 Bielefeld Delron Buckley
11%
Keine übereinstimmenden Quizze gefunden
Verteilung der Resultate
Anzahl Personen mit jedem Resultat
Perzentil nach korrekt beantworteten Fragen
Ihre Resultats-Entwicklung
Sie haben dieses Quiz seit der letzten Aktualisierung nicht gespielt